[Event "Heusenstamm Sparkassen op-A 4th"]
[Site "Heusenstamm"]
[Date "2017.11.24"]
[Round "3"]
[White "Gutman, Lev"]
[Black "Bastian, Ben"]
[Result "1-0"]
[WhiteElo "2410"]
[BlackElo "1675"]
[PlyCount "39"]
[EventDate "2017.11.23"]
[EventType "swiss"]
[EventRounds "7"]
[EventCountry "GER"]
[SourceTitle "EXT 2019"]
[Source "ChessBase"]
[SourceDate "2018.10.10"]
[SourceVersion "1"]
[SourceVersionDate "2018.10.10"]
[SourceQuality "1"]

1. Nf3 Nf6 2. g3 d5 3. Bg2 g6 4. 0-0 Bg7 5. d4 0-0 6. c4 c6 7. Qb3 Nbd7 8. cxd5 cxd5 9. Nc3 Nb6 10. a4 a5 11. Bf4 Nh5 12. Bg5 Re8 13. Rac1 h6 14. Be3 e6 15. Ne5 Nd7 16. Nb5 Rb8 17. f4 b6 18. Nc6 Qf6 19. Nxb8 Nxb8 20. Nd6 1-0